Ηνωμένες Πολιτείες Κουίζ Χάρτη - Statistics

General Stats
  • This quiz has been taken 11 times
  • The average score is 37 of 50
Answers on the Map
Answers color-coded by a green-red scale on the quiz's map according to % correct below.
 
Answer Stats
Answer % Correct
Αλάσκα
100%
Ουάσινγκτον
83%
Όρεγκον
83%
Καλιφόρνια
83%
Χαβάη
83%
Αριζόνα
83%
Νέο Μεξικό
83%
Τέξας
83%
Λουιζιάνα
83%
Μισισίπι
83%
Τενεσί
83%
Αλαμπάμα
83%
Γεωργία
83%
Φλόριντα
83%
Νότια Καρολίνα
83%
Βόρεια Καρολίνα
83%
Βιρτζίνια
83%
Δυτική Βιρτζίνια
83%
Νέο Τζέρσεϊ
83%
Πενσυλβάνια
83%
Νέα Υόρκη
83%
Ρόουντ Άιλαντ
83%
Μασαχουσέτη
83%
Νέο Χάμσαϊρ
83%
Βερμόντ
83%
Μέιν
83%
Οχάιο
83%
Ιντιάνα
83%
Μέριλαντ
67%
Ντέλαγουερ
67%
Κονέκτικατ
67%
Κεντάκι
67%
Μίσιγκαν
67%
Ιλινόι
67%
Ουισκόνσιν
67%
Βόρεια Ντακότα
67%
Νότια Ντακότα
67%
Μοντάνα
67%
Γουαϊόμινγκ
67%
Αϊντάχο
67%
Νεβάδα
67%
Κολοράντο
67%
Οκλαχόμα
67%
Μινεσότα
50%
Γιούτα
50%
Αρκάνσας
50%
Μιζούρι
50%
Κάνσας
50%
Νεμπράσκα
50%
Άιοβα
50%
No matching quizzes found
Score Distribution
Percent of People with Each Score
Percentile by Number Answered
Your Score History
You have not taken this quiz